000 01509ngm a2200313 4500
003 dpl
005 20090318125018.0
007 DVD
008 ||||||sp199 xxu|||||c ||| 00| 0 ng d
010 _aDVD-001809-1811
024 _aVENF 0021
_c49.00
035 _aDVD-001809-1811
040 _aDPL
_cDPL
082 _aDVD / REDH
245 _aRedheat /
_cIndus Video Presents
_h[videorecording] DVD/
260 _bMoserbaer Entertainment
300 _a2 videodisc VCD;
_bsd., col. ;
_c4 3/4 in.
_fVCD
440 _aMoserbaer Home Entertainment
500 _aMoserbaer India Ltd. has obtained the necessary licence/conssent from the owner of the copyright in the wroks for making this DVD Film.
538 _aDolby Digital 5.1 -Englishi Subtitles: English
650 _aMotion Picture
700 _aSchwarzenegger
700 _aBelushi
942 _cCF
_2ddc
_hDVD
_mREDH
999 _c25347
_d25347